LIBRARY & INFORMATION CENTRE, KCAET, TAVANUR

ONLINE PUBLIC ACCESS CATALOGUE (OPAC)

Spon`s architects` and builders price book / (Record no. 3780)

MARC details
000 -LEADER
fixed length control field 00433cam a2200169ua 4500
041 ## - LANGUAGE CODE
Language code of text/sound track or separate title eng
082 ## - DEWEY DECIMAL CLASSIFICATION NUMBER
Classification number 028.75624
Item number BEL/SP
100 ## - MAIN ENTRY--AUTHOR NAME
Personal name Belfield, David .
245 00 - TITLE STATEMENT
Title Spon`s architects` and builders price book /
250 ## - EDITION STATEMENT
Edition statement 26 /
260 ## - PUBLICATION, DISTRIBUTION, ETC. (IMPRINT)
Place of publication London :
Name of publisher E & F N Spon ,
Year of publication 1961.
300 ## - PHYSICAL DESCRIPTION
Number of Pages 782 ; .
700 1# - ADDED ENTRY--PERSONAL NAME
Personal name Everest, .
942 ## - ADDED ENTRY ELEMENTS (KOHA)
Koha item type Books
Holdings
Withdrawn status Lost status Damaged status Home library Current library Date acquired Full call number Accession Number Koha item type
      KAUAET KAUAET 07/04/2012 028.75624 3522 Reference
free website counter